Hazbin Hotel - Poison Lyrics - Statistics

General Stats
  • This quiz has been taken 808 times
  • The average score is 187 of 247
Answer Stats
Hint Answer % Correct
I
98%
a
94%
no
92%
poison,
92%
poison.
92%
poison
92%
Reprise Poison,
92%
to
90%
you
90%
your
89%
Verse 1 I'm
88%
in.
88%
in
88%
me
86%
me,
86%
of
85%
the
85%
know
84%
know,
84%
night
84%
this
84%
yeah,
84%
yeah.
84%
Chorus 2 Yeah
84%
Another
83%
another
83%
my
83%
My
83%
when
83%
can
82%
feedin'
81%
not
81%
cash
79%
love
79%
swallow
79%
those
79%
what
79%
you're
79%
that
78%
tomorrow!
78%
tomorrow
78%
tomorrow.
78%
but
77%
can't
77%
nights,
77%
one
77%
red
77%
up
77%
eyes,
76%
help
76%
lights,
76%
be
75%
flashin'
75%
hot
75%
it
75%
ruthless
75%
so
75%
So
75%
baby,
74%
myself.
74%
Hell?
73%
lies,
73%
blame
72%
only
72%
part
72%
worst
72%
and
71%
Chorus 1 'Cause
71%
feelin'
71%
got
71%
lover
71%
Oh-oh, oh-oh!
71%
way
71%
Any
70%
any
70%
underneath
70%
want
70%
above
69%
Addicted
69%
like
69%
there's
69%
happen,
68%
What's
68%
would
68%
every
67%
I'll
67%
should'a
66%
that's
66%
yours!
66%
choice,
65%
from
65%
looked
65%
made
65%
all
63%
dead
63%
end
63%
with
63%
gonna
62%
hear,
62%
it's
62%
known
62%
livin'
62%
good
61%
at
60%
guessed
60%
wanna
59%
story's
58%
bein'
57%
for
57%
tellin'
57%
untrue.
57%
live
55%
Wish
55%
disappear,
54%
gulp.
53%
had
53%
sick
53%
spewin'
53%
drownin'
52%
resist
52%
something
52%
always
46%
difficult
46%
glass,
45%
hollow.
44%
taste
44%
chokin'
43%
far
43%
Full
43%
disassociate,
42%
fillin'
42%
beyond
38%
wasted
36%
No matching quizzes found
Score Distribution
Percent of People with Each Score
Percentile by Number Answered
Your Score History
You have not taken this quiz